Statistiche per Paesi più vicini al Burundi

Clicka qui per fare il quiz!

Statistiche generali

  • Questo quiz è stato fatto 31 volte
  • Il punteggio medio è 18 su 20

Statistiche sulle risposte

kmnazione% Corretto
1279Congo
100%
0Rep Dem Congo
100%
0Ruanda
100%
0Tanzania
100%
977Etiopia
96%
864Repubblica
Centrafricana
96%
1342Sudan
96%
655Sud Sudan
96%
95Uganda
96%
428Zambia
96%
1621Ciad
93%
419Kenya
93%
1155Somalia
93%
1246Zimbabwe
93%
922Angola
89%
652Malawi
89%
1547Namibia
89%
1560Botswana
85%
977Mozambico
81%
1515Camerun
63%

Distribuzione punteggi

Percentile per numero di risposta

Percentuale di utenti per punteggio

I tuoi punteggi nel tempo

Non hai fatto questo quiz